• 首页
  • 本馆介绍
  • 公告通知
  • 最新文献
  • 馆藏检索
  • 电子资源
  • 读者导购
  • 参考咨询
  • 我的图书馆
  • 登录
  • 详细信息显示
  • 放入我的书架
  • 预约/预借图书
  • 作者相关作品
  • 分类相关作品
  • 丛书相关作品
  • 出版社相关作品

书目信息

  • 表格格式
  • 工作单格式
  • 卡片格式
题名:
武陵山区旅游发展研究
    
 
作者: 黄昌庆 著
分册:  
出版信息: 沈阳   辽海出版社  2019.01
页数: 200页
开本: 24cm
丛书名:
单 册:
中图分类: F592.773
科图分类:
主题词: 山区--shan qu--旅游业发展--研究--贵州
电子资源:
ISBN: 978-7-5451-4614-1
000 00929nam0 2200241 450
001 CAL 0120162051343
005 20230217093111.0
010    @a978-7-5451-4614-1@dCNY50.00
100    @a20190312d2019 em y0chiy0120 ea
101 0  @achi
102    @aCN@b210000
105    @aabk a 000yy
106    @ar
200 1  @a武陵山区旅游发展研究@Awu ling shan qu lu^ you fa zhan yan jiu@f黄昌庆著
210    @a沈阳@c辽海出版社@d2019.01
215    @a200页@c图, 地图@d24cm
320    @a有书目 (第199-200页)
330    @a本书以本区的旅游资源为基础, 因地制宜的发展适合市场需求的健康养生旅游、乡村休闲旅游、民俗风情旅游, 实现了旅游创收, 并且带动了相关产业的联动发展。随着宜万铁路和沪蓉西高速公路的开通, 武陵山区的旅游业更是进入了发展的黄金时期。
606 0  @a山区@Ashan qu@x旅游业发展@x研究@y贵州
690    @aF592.773@v5
701  0 @a黄昌庆@Ahuang chang qing@4著
801  0 @aCN@bBJXHZP@c20230222
905    @b1393053-6@dF592.773@e626@f4
    
    武陵山区旅游发展研究/黄昌庆著.-沈阳:辽海出版社,2019.01
    200页:图, 地图;24cm
    
    
    ISBN 978-7-5451-4614-1:CNY50.00
    本书以本区的旅游资源为基础, 因地制宜的发展适合市场需求的健康养生旅游、乡村休闲旅游、民俗风情旅游, 实现了旅游创收, 并且带动了相关产业的联动发展。随着宜万铁路和沪蓉西高速公路的开通, 武陵山区的旅游业更是进入了发展的黄金时期。
●
相关链接 在E读中查询图书 在五车中查询图书 在当当中查询图书 在豆瓣中查询图书


正题名:武陵山区旅游发展研究     索取号:F592.773/626         预约/预借

序号 登录号 条形码 馆藏地/架位号 状态 备注
1 1393053   213930530   第一样本阅览室/ [索取号:F592.773/626] 在馆    
2 1393054   213930549   第一借阅区/ [索取号:F592.773/626] 在馆    
3 1393055   213930558   第一借阅区/ [索取号:F592.773/626] 在馆    
4 1393056   213930567   第一借阅区/ [索取号:F592.773/626] 在馆    
唐山师范学院图书馆 欢迎您!
大连网信软件有限公司© 版权所有